00408 2200157 4500001002100000008004100021035002000062245003500082100001800117260004200135020001800177084001400195082000800209650001800217990001500235INLIS000000000000011 ind  a0010-1025000011 aCantik Itu LukacEka Kurniawan aEka Kurniawan aJakartabGramedia Pustaka Utamac2002 a9789792215235 a135 PRA m a135 aSastra Modern aX0111/2021